| 000 | 00458nam a2200157Ia 4500 | ||
|---|---|---|---|
| 999 |
_c2779 _d2779 |
||
| 020 | _a0-393-97746-3 | ||
| 082 | _a908 WOR- | ||
| 245 | 0 | _aWorlds together, worlds apart: a history of the modern world from the mongol empire to the present | |
| 260 |
_aNew York _bW.W. Norton _c2002 |
||
| 300 | _axxx, 511p. | ||
| 650 | _aCivilization, Medieval | ||
| 650 | _aHistory, Modern | ||
| 650 | _aWorld History | ||
| 700 | _aRobert Tignor...[et al.]. | ||
| 942 | _cBK | ||